000
00294nam a22001097a 4500
082
_a
355 MIK'F
100
_a
MIKSCHE, F. Q
_9
60336
245
_a
THE FAILURE OF ATOMIC STRATEGY A NEW PROPOSAL FOR THE DEFENCE OF THE WEST
260
_a
LONDON
_b
FABER & FABER
_c
1959
300
_a
224P
942
_c
BK
999
_c
570086
_d
570086